000 00746na a2200265 4500
001 18829
003 MIRAKIL
005 20181213155121.0
008 161129b tu 000 0
020 _a9755331077
035 _a18829
040 _aMilas
_btur
_cTR-AnCHP
041 _atur
082 _a351.82321
_bY27 1995
090 _a351.82321 Y27 1995
100 _aYaşamış, Firuz Demir
245 _aÇevre yönetiminin temel araçları
_cFiruz Demir Yaşamış
260 _aAnkara
_bİmge Kitabevi Yayınları
_c1995
300 _a224 s.
_c20 sm.
490 _aİmge Kitabevi Yayınları
_v123
500 _aYapıt yazarından imzalıdır.
500 _aDizin var.
650 _aÇevre yönetimi
_zTürkiye
942 _2ddc
_cBKS
999 _c6827
_d6827